| 000 | 00760cam a2200277 i 4500 | ||
|---|---|---|---|
| 001 | 768714001 | ||
| 003 | CO-MdFUSB | ||
| 005 | 20241205145054.0 | ||
| 007 | ta | ||
| 008 | 241204t1985 -sp||||| |||| 00| 0 spa d | ||
| 020 | _a84-85817-01-X | ||
| 040 | _cCO-MdFUSB | ||
| 041 | 0 | _aspa | |
| 082 | 0 | 4 |
_223 _a238 _b M9719c |
| 245 | 1 | 0 |
_aConfesiones de fe de la iglesia : _blas tres confesiones de la iglesia antigua y las tres confesiones reformadas |
| 250 | _a2 | ||
| 264 | 1 |
_aMadrid, España : _bLiteratura Evangélica, _c[1985] |
|
| 264 | 4 | _c©1985 | |
| 300 | _a155 páginas | ||
| 336 |
_atexto _btxt _2rdacontent |
||
| 337 |
_2rdamedia _asin mediación _bn |
||
| 338 |
_2rdacarrier _avolumen _bnc |
||
| 653 | _aCredos | ||
| 942 | _cBK | ||
| 945 | _aMiguel | ||
| 999 |
_c39533 _d39533 |
||